000 00412nam a2200157Ia 4500
008 240729s9999 xx 000 0 und d
022 _a2345-3656
245 0 _aIranian Journal of Pathology
260 _aCanada
260 _bIranian Society of Pathology
650 _a Pathology
650 _aMedicine
856 _uhttps://doaj.org/toc/090a659d6a644d3395421d6162fc9ca7
942 _2ddc
942 _cDOAJEJ
999 _c72253
_d72253
945 _a1
_bMadushi Gamage
_c1
_dMadushi Gamage